| 000 | 00000nam##2200000za#4500 |
| 001 | 9.699144 |
| 003 | CaOODSP |
| 005 | 20210625000241 |
| 007 | cr ||||||||||| |
| 008 | 150407|2008||||xxc|||||o f|0| 0 eng|d |
| 040 | |aCaOODSP|beng |
| 043 | |an-cn--- |
| 086 | 1 |aCH4-162/2008E-PDF |
| 110 | 1 |aCanada. |bCanadian Heritage. |
| 245 | 10|aHighlights from the consultations on redesigning federal programs for the periodical industry : |h[electronic resource]|ba summary document |
| 260 | |aOttawa - Ontario : |bCanadian Heritage |cJuly 2008. |
| 300 | |a9p. |
| 590 | |a14-07-Supp|b2014-04-03 |
| 690 | 07|aFederal programs|2gcpds |
| 690 | 07|aPublishing|2gcpds |
| 775 | 08|tPoints saillants des consultations sur la restructuration des programmes fédéraux destinés à l'industrie des périodiques : |w(CaOODSP)9.643136 |
| 856 | 40|ahttp://publications.gc.ca|qPDF|s56 KB|uhttps://publications.gc.ca/collections/collection_2014/pc-ch/CH4-162-2008-eng.pdf |